000 00284nam a22001217a 4500
020 _a981-3005-18-1
082 _a005.3 DYS'M
100 _aDYSON, PETER
_959160
245 _aMASTERING PC TOOLS DELUXE
260 _aSINGAPORE
_bTECH PUBLICATIONS
_c1990
300 _a399P
942 _cBK
999 _c570456
_d570456